Normal view
MARC view
- تاليف الأصولي، أصيل الصيف
Entry Personal Name
001 - CONTROL NUMBER
- control field: 35898
003 - CONTROL NUMBER IDENTIFIER
- control field: JO-AjAnu
005 - DATE AND TIME OF LATEST TRANSACTION
- control field: 20230606080011.0
008 - FIXED-LENGTH DATA ELEMENTS
- fixed length control field: 230606|| aca||aabn | a|a d
040 ## - CATALOGING SOURCE
- Original cataloging agency: JO-AjAnu
- Transcribing agency: JO-AjAnu
100 ## - HEADING--PERSONAL NAME
- Personal name: تاليف الأصولي، أصيل الصيف
670 ## - SOURCE DATA FOUND
- Source citation: Work cat.: (JO-AjAnu)18432: تاليف الأصولي، أصيل الصيف, author, علم الاصول متعة الى المجازات المنسية